000 00220nam a2200109 4500
020 _a9798176933376
082 _a400
245 _aThe Monkey and the Crocodile
260 _bKiddz Bookz
300 _a16p
942 _2ddc
_cST
999 _c1230
_d1230